000 00947nam a22001815i 4500
001 158064
003 ES-MaACL
005 20240203062550.0
008 960320s1867 sp |||| | spa d
040 _aCLM
_bspa
_cCCPB | SIC
100 1 _aLópez Sánchez, Genaro.
_9129228
245 1 0 _aDiscurso leído ante el claustro de la Universidad Central por Genaro López Sánchez en el acto solemne de recibir la investidura de doctor en la Facultad de Derecho, sección de Derecho civil y canónico.
260 _aMadrid :
_b[s.n.],
_c1867 (
_fImprenta de Manuel Galiano)
300 _a26 p. ;
_c26 cm.
710 2 0 _aUniversidad Central (Madrid)
_97084
852 _aES-MaACL
_jFol-Laf-111
_z-- Rust.
_z-- Legado M. de la Fuente
_x-- Edic.: Tit. del discurso: "¿Deben reputarse por mejoras de tercio y quinto las donaciones simples que haga el padre a cualquiera de sus descendientes sin expresar que quiere mejorarlos?
999 _c158064
_d158064